Sports Quiz

Random Sports or NFL Quiz

NFL 2009 Rushing TDs Quiz Stats

Quiz not verified by Sporcle

Challenge
Share
Tweet
Embed
Score 0/52 Timer 05:00
0 Plays Today
TDs Player % Correct
14Chris Johnson
100%
18Adrian Peterson
99.3%
14Thomas Jones
99.1%
3Felix Jones
99.1%
15Maurice Jones-Drew
98.9%
12LaDanian Tomlinson
98.6%
11Ricky Williams
98.2%
7DeAngelo Williams
98.2%
7Ray Rice
98%
4Cadillac Williams
98%
10Joseph Addai
96.8%
10Frank Gore
96.8%
10Michael Turner
96.1%
8Ronnie Brown
96.1%
3Chris Brown
96.1%
3Donald Brown
96.1%
5Reggie Bush
94.6%
11Ryan Grant
94.3%
3Michael Bush
94.3%
7Marion Barber
94.1%
12Willis McGahee
92.7%
5Brandon Jacobs
92.7%
8Tim Hightower
92.5%
10Jonathan Stewart
91.6%
7Rashard Mendenhall
91.4%
9Laurance Maroney
91.2%
TDs Player % Correct
6Cedric Benson
91.2%
6Pierre Thomas
91.2%
4Steven Jackson
90.2%
3Steve Slaton
87.1%
7Ahmad Bradshaw
86.8%
7Chris Wells
86.2%
4Matt Forte
85.3%
7Jamaal Charles
84.8%
3Darren Sproles
84.1%
7Knowshon Moreno
80.5%
4Kevin Smith
79.8%
4LeSean McCoy
73.2%
5Jerome Harrison
73%
4Fred Taylor
70.5%
3Justin Fargas
70.3%
5Mike Bell
69.8%
3Tashard Choice
68.5%
5Aaron Rodgers
54%
3Mark Sanchez
51.5%
4Justin Forsett
51.5%
3David Garrard
47.6%
3Carson Palmer
47.4%
4Jason Snelling
46.9%
4Ryan Moats
40.6%
3Arian Foster
34.9%
3Quinton Ganther
20.9%

You're not logged in!

Compare scores with friends on all Sporcle quizzes.
Sign Up with Email
OR
Log In

You Might Also Like...

Show Comments

Extras

Top Quizzes Today


Score Distribution

Your Account Isn't Verified!

In order to create a playlist on Sporcle, you need to verify the email address you used during registration. Go to your Sporcle Settings to finish the process.